Statistics for Hızlı Yazma - 15 Saniyede 7 Gün

Click here to take the quiz!

General Stats

  • This quiz has been taken 14 351 times
  • The average score is 5 of 7

Answer Stats

Günler% Correct
Pazar
99%
Salı
80%
Pazartesi
72%
Çarşamba
71%
Cuma
64%
Perşembe
60%
Cumartesi
44%

Score Distribution

Percentile by Number Answered

Percent of People with Each Score

Your Score History

You have not taken this quiz